000 00411cam a22001217a 4500
008 180718b1966 xxu||||| |||| 00| 0 eng d
082 _aA81x54 In2/61/Vol 9/Pt 7-A (ix)
100 _aCensus of India 1961
245 _aMadras: brass and bell-metal ware of Nachiarkoil
260 _aDelhi
_bThe Manager of Publications
_c1966
300 _a54+p.
440 _aCensus of India 1961. Volume IX, Madras. Part VII-A (ix)
999 _c484289
_d484289